• 首页
  • 本馆介绍
  • 公告通知
  • 最新文献
  • 馆藏检索
  • 电子资源
  • 读者导购
  • 参考咨询
  • 我的图书馆
  • 登录
  • 详细信息显示
  • 放入我的书架
  • 预约/预借图书
  • 作者相关作品
  • 分类相关作品
  • 丛书相关作品
  • 出版社相关作品

书目信息

  • 表格格式
  • 工作单格式
  • 卡片格式
题名:
激发中学生脑的力量
    
 
作者: 阿姆斯特朗 著 ;吁思敏 , 卢小蕾 译
分册:  
出版信息: 北京   中国轻工业出版社  2018
页数: 199页
开本: 24cm
丛书名:
单 册:
中图分类: G632.0
科图分类:
主题词: 脑科学--nao ke xue--应用--中学教育--教学研究
电子资源:
ISBN: 978-7-5184-1750-6
000 01118nam0 2200277 450
001 1940672713
005 20180514162801.1
010    @a978-7-5184-1750-6@dCNY 38.00
099    @aCAL 012018054812
100    @a20180510d2018 em y0chiy50 ea
101 1  @achi@ceng
102    @aCN@b110000
105    @aa z 000yy
200 1  @a激发中学生脑的力量@Aji fa zhong xue sheng nao de li liang@e适于脑的8种教学策略@d= The power of the adolescent brain@estrategies for teaching middle and high school students@f(美) Thomas Armstrong著@g吁思敏, 卢小蕾译@zeng
210    @a北京@c中国轻工业出版社@d2018
215    @a199页@c图@d24cm
300    @a万千教育
500 10 @aPower of the adolescent brain : strategies for teaching middle and high school students@mChinese
517 1  @a适于脑的8种教学策略@Akuo yu nao de 8 zhong jiao xue ce lue
606 0  @a脑科学@Anao ke xue@x应用@x中学教育@x教学研究
690    @aG632.0@v5
701  1 @a阿姆斯特朗@Aa mu si te lang@g(Armstrong, Thomas)@4著
702  0 @a吁思敏@Axu si min@4译
702  0 @a卢小蕾@Alu xiao lei@4译
801  0 @aCN@bECN@c20180510
905    @aBZT@dG632.0@e12
    
    激发中学生脑的力量:适于脑的8种教学策略= The power of the adolescent brain:strategies for teaching middle and high school students/(美) Thomas Armstrong著/吁思敏, 卢小蕾译.-北京:中国轻工业出版社,2018
    199页:图;24cm
    万千教育
    
    ISBN 978-7-5184-1750-6:CNY 38.00
    
●
相关链接 在五车中查询图书 在当当中查询图书 在豆瓣中查询图书


正题名:激发中学生脑的力量     索取号:G632.0/12         预约/预借

序号 登录号 条形码 馆藏地/架位号 状态 备注
1 866626   2000866626   第二书库/ [索取号:G632.0/12] 在馆    
2 866627   2000866627   第二书库/ [索取号:G632.0/12] 在馆    
3 866628   2000866628   第二书库/ [索取号:G632.0/12] 在馆    
山东省滨州职业学院图书馆 欢迎您!
大连网信软件有限公司© 版权所有